Guess the FC Barcelona player #9 - Statistics

General Stats
  • This quiz has been taken 26 times
  • The average score is 9 of 16
Answer Stats
Picture Answer % Correct
Robert Lewandowski
100%
Arturo Vidal
95%
Philippe Coutinho
86%
Emmanuel Petit
82%
Hristo Stoichkov
73%
Neto
73%
Munir El Haddadi
68%
Pablo Torre
64%
Paco Alcácer
64%
Carles Aleñá
55%
Giovani dos Santos
50%
Juliano Belletti
41%
Robert Enke
27%
Juan Pablo Sorín
23%
José Mari Bakero
9%
Robert Prosinečki
9%
No matching quizzes found
Score Distribution
Percent of People with Each Score
Percentile by Number Answered
Your Score History
You have not taken this quiz